000 00606nam a2200193Ia 4500
008 090123s9999 xx 000 0 und d
082 _b42245
100 _aसलुजा कुलदिप
245 _aवास्तु फेंग शुई
250 _a1
260 _c2007
300 _a130
600 _aसलुजा कुलदिप
630 _aवास्तु फेंग शुई
700 _aदेशपांडे रेणुकादास
700 _aसलुजा कुलदिप
730 _aवास्तु फेंग शुई
942 _cBOOK
999 _c80323
_d80323